| 000 | 00334nam a22001457a 4500 | ||
|---|---|---|---|
| 003 | SGT | ||
| 020 | _a9780670086740 | ||
| 082 |
_a923.154 _bT14B |
||
| 100 | _aBARU, SANJAYA | ||
| 245 | _aTHE ACCIDENTAL:PRIME MINISTER | ||
| 260 |
_aINDIA _bPENGUIN BOOKS _c2014 |
||
| 300 | _a301 | ||
| 650 | _aPRIME MINISTER OF INDIA | ||
| 942 |
_2ddc _cBK |
||
| 999 |
_c25882 _d25882 |
||